<?xml version="1.0" encoding="UTF-8"?>
<record
    xmlns:xsi="http://www.w3.org/2001/XMLSchema-instance"
    xsi:schemaLocation="http://www.loc.gov/MARC21/slim http://www.loc.gov/standards/marcxml/schema/MARC21slim.xsd"
    xmlns="http://www.loc.gov/MARC21/slim">

  <leader>00376nam a22001697a 4500</leader>
  <controlfield tag="003">SGT</controlfield>
  <datafield tag="020" ind1=" " ind2=" ">
    <subfield code="a">978-93-87964-08-2</subfield>
  </datafield>
  <datafield tag="082" ind1=" " ind2=" ">
    <subfield code="a">612.3</subfield>
    <subfield code="b">F21V</subfield>
  </datafield>
  <datafield tag="100" ind1=" " ind2=" ">
    <subfield code="a">VERMA, POOJA</subfield>
  </datafield>
  <datafield tag="245" ind1=" " ind2=" ">
    <subfield code="a">FOOD AND NUTRITIONAL SCIENCE</subfield>
  </datafield>
  <datafield tag="250" ind1=" " ind2=" ">
    <subfield code="a">2ND</subfield>
  </datafield>
  <datafield tag="260" ind1=" " ind2=" ">
    <subfield code="a">NEW DELHI</subfield>
    <subfield code="b">C.B.S PUB.</subfield>
    <subfield code="c">2021</subfield>
  </datafield>
  <datafield tag="300" ind1=" " ind2=" ">
    <subfield code="a">206</subfield>
  </datafield>
  <datafield tag="650" ind1=" " ind2=" ">
    <subfield code="a">NUTRITION</subfield>
  </datafield>
  <datafield tag="653" ind1=" " ind2=" ">
    <subfield code="a">FOOD, NUTRITION</subfield>
  </datafield>
  <datafield tag="942" ind1=" " ind2=" ">
    <subfield code="2">ddc</subfield>
    <subfield code="c">BK</subfield>
    <subfield code="0">2</subfield>
  </datafield>
  <datafield tag="952" ind1=" " ind2=" ">
    <subfield code="0">0</subfield>
    <subfield code="1">0</subfield>
    <subfield code="2">ddc</subfield>
    <subfield code="4">0</subfield>
    <subfield code="5">1</subfield>
    <subfield code="7">0</subfield>
    <subfield code="8">FA</subfield>
    <subfield code="a">APL</subfield>
    <subfield code="b">APL</subfield>
    <subfield code="c">REF</subfield>
    <subfield code="d">2022-03-05</subfield>
    <subfield code="e">SAVERA BOOK DISTRIBUTERS</subfield>
    <subfield code="g">325.00</subfield>
    <subfield code="i">SGTU</subfield>
    <subfield code="o">612.3 F21V</subfield>
    <subfield code="p">FA11032</subfield>
    <subfield code="r">2022-03-05 00:00:00</subfield>
    <subfield code="w">2022-01-31</subfield>
    <subfield code="y">BK</subfield>
    <subfield code="k">21-22/CRB/504</subfield>
  </datafield>
  <datafield tag="952" ind1=" " ind2=" ">
    <subfield code="0">0</subfield>
    <subfield code="1">0</subfield>
    <subfield code="2">ddc</subfield>
    <subfield code="4">0</subfield>
    <subfield code="7">0</subfield>
    <subfield code="8">FA</subfield>
    <subfield code="a">APL</subfield>
    <subfield code="b">APL</subfield>
    <subfield code="c">TXT</subfield>
    <subfield code="d">2022-03-05</subfield>
    <subfield code="e">SAVERA BOOK DISTRIBUTERS</subfield>
    <subfield code="g">325.00</subfield>
    <subfield code="i">SGTU</subfield>
    <subfield code="l">1</subfield>
    <subfield code="o">612.3 F21V</subfield>
    <subfield code="p">FA11033</subfield>
    <subfield code="r">2024-05-09 00:00:00</subfield>
    <subfield code="s">2024-05-03</subfield>
    <subfield code="w">2022-01-31</subfield>
    <subfield code="y">BK</subfield>
    <subfield code="k">21-22/CRB/504</subfield>
  </datafield>
  <datafield tag="952" ind1=" " ind2=" ">
    <subfield code="0">0</subfield>
    <subfield code="1">0</subfield>
    <subfield code="2">ddc</subfield>
    <subfield code="4">0</subfield>
    <subfield code="7">0</subfield>
    <subfield code="8">FA</subfield>
    <subfield code="a">APL</subfield>
    <subfield code="b">APL</subfield>
    <subfield code="c">TXT</subfield>
    <subfield code="d">2022-03-05</subfield>
    <subfield code="e">SAVERA BOOK DISTRIBUTERS</subfield>
    <subfield code="g">325.00</subfield>
    <subfield code="i">SGTU</subfield>
    <subfield code="l">1</subfield>
    <subfield code="o">612.3 F21V</subfield>
    <subfield code="p">FA11034</subfield>
    <subfield code="r">2024-09-23 00:00:00</subfield>
    <subfield code="s">2024-09-09</subfield>
    <subfield code="w">2022-01-31</subfield>
    <subfield code="y">BK</subfield>
    <subfield code="k">21-22/CRB/504</subfield>
  </datafield>
  <datafield tag="952" ind1=" " ind2=" ">
    <subfield code="0">0</subfield>
    <subfield code="1">0</subfield>
    <subfield code="2">ddc</subfield>
    <subfield code="4">0</subfield>
    <subfield code="7">0</subfield>
    <subfield code="8">FA</subfield>
    <subfield code="a">APL</subfield>
    <subfield code="b">APL</subfield>
    <subfield code="c">TXT</subfield>
    <subfield code="d">2022-03-05</subfield>
    <subfield code="e">SAVERA BOOK DISTRIBUTERS</subfield>
    <subfield code="g">325.00</subfield>
    <subfield code="i">SGTU</subfield>
    <subfield code="l">0</subfield>
    <subfield code="o">612.3 F21V</subfield>
    <subfield code="p">FA11035</subfield>
    <subfield code="r">2022-03-05 00:00:00</subfield>
    <subfield code="w">2022-01-31</subfield>
    <subfield code="y">BK</subfield>
    <subfield code="k">21-22/CRB/504</subfield>
  </datafield>
  <datafield tag="952" ind1=" " ind2=" ">
    <subfield code="0">0</subfield>
    <subfield code="1">0</subfield>
    <subfield code="2">ddc</subfield>
    <subfield code="4">0</subfield>
    <subfield code="7">0</subfield>
    <subfield code="8">FA</subfield>
    <subfield code="a">APL</subfield>
    <subfield code="b">APL</subfield>
    <subfield code="c">TXT</subfield>
    <subfield code="d">2022-03-05</subfield>
    <subfield code="e">SAVERA BOOK DISTRIBUTERS</subfield>
    <subfield code="g">325.00</subfield>
    <subfield code="i">SGTU</subfield>
    <subfield code="l">0</subfield>
    <subfield code="o">612.3 F21V</subfield>
    <subfield code="p">FA11036</subfield>
    <subfield code="r">2022-03-05 00:00:00</subfield>
    <subfield code="w">2022-01-31</subfield>
    <subfield code="y">BK</subfield>
    <subfield code="k">21-22/CRB/504</subfield>
  </datafield>
  <datafield tag="952" ind1=" " ind2=" ">
    <subfield code="0">0</subfield>
    <subfield code="1">0</subfield>
    <subfield code="2">ddc</subfield>
    <subfield code="4">0</subfield>
    <subfield code="7">0</subfield>
    <subfield code="8">FA</subfield>
    <subfield code="a">APL</subfield>
    <subfield code="b">APL</subfield>
    <subfield code="c">TXT</subfield>
    <subfield code="d">2022-03-05</subfield>
    <subfield code="e">SAVERA BOOK DISTRIBUTERS</subfield>
    <subfield code="g">325.00</subfield>
    <subfield code="i">SGTU</subfield>
    <subfield code="l">0</subfield>
    <subfield code="o">612.3 F21V</subfield>
    <subfield code="p">FA11037</subfield>
    <subfield code="r">2022-03-05 00:00:00</subfield>
    <subfield code="w">2022-01-31</subfield>
    <subfield code="y">BK</subfield>
    <subfield code="k">21-22/CRB/504</subfield>
  </datafield>
  <datafield tag="999" ind1=" " ind2=" ">
    <subfield code="c">22447</subfield>
    <subfield code="d">22447</subfield>
  </datafield>
</record>
